000 00745pam a2200217 a 4500
001 2422608
005 20241214082954.0
008 870831s1988 moua b 001 0 eng
020 _a9780801624506
050 0 0 _aQL47.2
_b.H54 1988
082 0 0 _a591
_219
100 1 _aHickman, Cleveland P.,
_cJr.
245 1 0 _aIntegrated principles of zoology /
_cCleveland P. Hickman, Jr., Larry S. Roberts, Frances M. Hickman ; original artwork by William C. Ober.
250 _a8th ed.
260 _aSt. Louis :
_bTimes Mirror/Mosby College Pub.,
_c1988.
300 _axxiii, 939, [85] p. :
_bill. (some col.) ;
_c29 cm.
650 0 _aZoology.
700 1 _aRoberts, Larry S.,
_d1935-
700 1 _aHickman, Frances Miller.
942 _2lcc
_cBK
_e8th ed.
_n0
999 _c2191
_d2191